00625nam a22002177a 450000500170000001000130001702000100003003500130004003700160005304000120006908200190008124501040010026000440020427000480024830000200029650000200031665000140033665000210035070000180037170000180038920170124110026.0 aA-517489 c00.00 aA-517489 bCen Lib/Ret aDPLbEN a551.60954bIND aIndian Geosphere-Biosphere Programme :cedited by T. N. Khoshoo [and] Manju Sharmabsome aspects /  aNew DelhibVikas Publishing Housec1991 a576 Masjid Road, JanpurabNew Delhie110014 a289p.c21cm(Hb) aIncludes index  aBiosphere aClimatic changes aKhoshoo, T. N aSharma, Manju